000 00311nam a22001337a 4500
008 170828b xxu||||| |||| 00| 0 eng d
020 _a9780395472729
041 _aeng
080 _24 ED
_a070
100 _a39
101 _aMED
245 _aUNDERSTAMDIMG ,ASS COMMUNICATION
_cDENNIS.D
942 _2udc
_cBK
999 _c25161
_d25161